000
00213nam a2200085Ia 4500
008
120527s9999 xx 000 0 und d
100
_a
Osman, B. Betty
245
_a
Learning disabilities: afamily affair
942
_c
BK
999
_c
27549
_d
27549